Vestník vlády Slovenskej socialistickej republiky pre národné výbory

Gespeichert in:
Bibliographische Detailangaben
Format: Schriftenreihe
Sprache:Slowakisch
Veröffentlicht: Bratislava Ministerstvo vnútra SSR 1981
Tags: Tag hinzufügen
Keine Tags, Fügen Sie das erste Tag hinzu!

MARC

LEADER 00000nas2a22000001 4500
001 s123673
005 20250730114222.9
041 0 |a slo 
044 |a SK 
245 1 0 |a Vestník vlády Slovenskej socialistickej republiky pre národné výbory 
264 1 |a Bratislava  |b Ministerstvo vnútra SSR  |c 1981 
300 |a 1 zv. 
773 0 |w eu_un_cat*s120899